• 首页
  • 本馆介绍
  • 公告通知
  • 最新文献
  • 馆藏检索
  • 电子资源
  • 读者导购
  • 参考咨询
  • 我的图书馆
  • 登录
  • 详细信息显示
  • 放入我的书架
  • 预约/预借图书
  • 作者相关作品
  • 分类相关作品
  • 丛书相关作品
  • 出版社相关作品

书目信息

  • 表格格式
  • 工作单格式
  • 卡片格式
题名:
仪顾堂题跋·续跋
    
 
作者: 陆心源 , 丁丙 撰
分册:  
出版信息: 北京   中华书局出版  1990.3
页数: 935页
开本: 26cm
丛书名: 清人书目题跋丛刊二
单 册:
中图分类: Z842.5
科图分类:
主题词:
电子资源:
ISBN:
000 00588nam0 2200205 45
001 0181015597
005 20061127142120.65
010    @b精装@dCNY72.20
100    @a20810111d km y0chiy0120 ea
101 0  @achi
105    @a z 000yy
200 1  @Ayi gu tang ti ba·xu ba@Flu xin yuan@a仪顾堂题跋·续跋@f(清)陆心源撰;(清)丁丙撰@d善本书室藏书志
210    @a北京@c中华书局出版@d1990.3
215    @a935页@c无图表@d26cm
225    @a清人书目题跋丛刊二
690    @aZ842.5
701 0  @a陆心源@4撰
701 0  @a丁丙@4撰
801    @aCN@bTSTC@c20061127
905    @dZ842.5@e4:2@f1@b232695
    
    仪顾堂题跋·续跋/(清)陆心源撰;(清)丁丙撰=善本书室藏书志.-北京:中华书局出版,1990.3
    935页:无图表;26cm.-(清人书目题跋丛刊二)
    
    
    ISBN (精装):CNY72.20
    
●
相关链接 在E读中查询图书 在五车中查询图书 在当当中查询图书 在豆瓣中查询图书


正题名:仪顾堂题跋·续跋     索取号:Z842.5/4:2         预约/预借

序号 登录号 条形码 馆藏地/架位号 状态 备注
1 0232695   202124842   第二样本阅览室/ [索取号:Z842.5/4:2] 在馆    
唐山师范学院图书馆 欢迎您!
大连网信软件有限公司© 版权所有